[Event "St Joao da Madeira op 10th"]
[Site "Sao Joao da Madeira"]
[Date "2013.10.12"]
[Round "6.6"]
[White "Silva, Antonio Augusto MC"]
[Black "Sousa, Nuno Miguel Vale"]
[Result "1-0"]
[WhiteElo "2214"]
[BlackElo "1959"]
[PlyCount "59"]
[EventDate "2013.10.05"]
[EventType "swiss"]
[EventRounds "7"]
[EventCountry "POR"]
[SourceTitle "EXT 2015"]
[Source "ChessBase"]
[SourceDate "2014.11.20"]
[SourceVersion "1"]
[SourceVersionDate "2014.11.20"]
[SourceQuality "1"]

1. Nf3 c5 2. c4 g6 3. Nc3 Bg7 4. g3 Nc6 5. Bg2 Nh6 6. 0-0 Nf5 7. e3 h5 8. h4 0-0 9. a3 e6 10. b4 d5 11. cxd5 exd5 12. Rb1 cxb4 13. axb4 d4 14. Na4 a6 15. Ng5 Qc7 16. Qb3 Be5 17. e4 Ng7 18. f4 Bd6 19. d3 Bxb4 20. e5 Be7 21. Nb6 Bf5 22. Nxa8 Rxa8 23. Qxf7+ Kh8 24. Bxc6 Qxc6 25. Qxe7 b5 26. Bb2 Re8 27. Rbc1 Qa8 28. Qf6 Rf8 29. Nf7+ Kg8 30. Rc7 1-0

[Event "St Joao da Madeira op 10th"]
[Site "Sao Joao da Madeira"]
[Date "2013.10.06"]
[Round "3.8"]
[White "Balu, Henish"]
[Black "Silva, Antonio Augusto MC"]
[Result "1/2-1/2"]
[WhiteElo "1681"]
[BlackElo "2214"]
[PlyCount "82"]
[EventDate "2013.10.05"]
[EventType "swiss"]
[EventRounds "7"]
[EventCountry "POR"]
[SourceTitle "EXT 2015"]
[Source "ChessBase"]
[SourceDate "2014.11.20"]
[SourceVersion "1"]
[SourceVersionDate "2014.11.20"]
[SourceQuality "1"]

1. e4 Nf6 2. Nc3 d5 3. exd5 Nxd5 4. Bc4 Be6 5. Qf3 c6 6. Nge2 Nd7 7. Bxd5 Bxd5 8. Nxd5 Ne5 9. Qb3 Qxd5 10. Qxb7 Rd8 11. 0-0 e6 12. d3 Nd7 13. Qb3 Qh5 14. Ng3 Qg6 15. Qc3 c5 16. Ne4 f5 17. Ng5 Be7 18. Nf3 Bd6 19. Re1 0-0 20. Qc4 Rfe8 21. Bd2 Kh8 22. Bc3 e5 23. Qh4 h6 24. Nxe5 Nxe5 25. Bxe5 Bxe5 26. Rxe5 Rxe5 27. Qxd8+ Kh7 28. d4 Re2 29. dxc5 Rxc2 30. b4 Qe6 31. Qd3 Qe5 32. Qd1 Rd2 33. Qe1 Qd4 34. Rc1 Qxb4 35. c6 Rc2 36. Rb1 Qc4 37. h3 Qxc6 38. Qa5 Qe6 39. Qxa7 Rxa2 40. Qb6 Qe4 41. Qb4 Qxb4 1/2-1/2